[Event "8th Vellmar Chess Days"]
[Site "chess24.com"]
[Date "2016.07.28"]
[Round "1"]
[White "Bethke, Richard"]
[Black "Zahn, Richard"]
[Result "0-1"]
[Board "22"]
[WhiteElo "1800"]
[WhiteCountry "GER"]
[WhiteFideId "12959243"]
[WhiteEloChange "-3"]
[BlackElo "2086"]
[BlackCountry "GER"]
[BlackFideId "4681690"]
[BlackEloChange "3"]

1. e4 {[%clk 1:30:55]} e6 {[%clk 1:30:38]} 2. d4 {[%clk 1:31:13]} d5 {[%clk
1:31:01]} 3. Nd2 {[%clk 1:31:35]} c5 {[%clk 1:31:05]} 4. c3 {[%clk 1:31:54]} Nc6
{[%clk 1:31:15]} 5. exd5 {[%clk 1:31:09]} Qxd5 {[%clk 1:27:59]} 6. Ndf3 {[%clk
1:29:25]} Nf6 {[%clk 1:23:16]} 7. Bd3 {[%clk 1:20:15]} cxd4 {[%clk 1:06:55]} 8.
cxd4 {[%clk 1:20:34]} Bd6 {[%clk 0:56:47]} 9. Ne2 {[%clk 1:20:15]} e5 {[%clk
0:50:46]} 10. dxe5 {[%clk 1:03:13]} Nxe5 {[%clk 0:50:05]} 11. Nxe5 {[%clk
1:02:48]} Qxe5 {[%clk 0:49:22]} 12. Bf4 {[%clk 1:02:52]} Bb4+ {[%clk 0:48:58]}
13. Kf1 {[%clk 1:02:11]} Qa5 {[%clk 0:44:24]} 14. Nd4 {[%clk 0:56:09]} O-O {[%clk
0:43:34]} 15. a3 {[%clk 0:55:36]} Be7 {[%clk 0:42:36]} 16. b4 {[%clk 0:42:06]}
Qd5 {[%clk 0:41:31]} 17. Rc1 {[%clk 0:32:38]} Rd8 {[%clk 0:37:00]} 18. Be3 {[%clk
0:27:56]} Ng4 {[%clk 0:34:13]} 19. Rc2 {[%clk 0:22:28]} Bf6 {[%clk 0:26:54]} 20.
Rd2 {[%clk 0:19:44]} Nxe3+ {[%clk 0:23:34]} 21. fxe3 {[%clk 0:20:01]} Bxd4 {[%clk
0:23:06]} 22. exd4 {[%clk 0:18:06]} Bf5 {[%clk 0:21:21]} 23. Bxf5 {[%clk
0:14:34]} Qxf5+ {[%clk 0:21:49]} 24. Qf3 {[%clk 0:14:27]} Qb1+ {[%clk 0:20:51]}
25. Rd1 {[%clk 0:14:06]} Qb2 {[%clk 0:19:48]} 26. d5 {[%clk 0:14:18]} Rd6 {[%clk
0:19:45]} 27. Kg1 {[%clk 0:05:53]} Rad8 {[%clk 0:17:39]} 28. Qe3 {[%clk 0:05:59]}
b6 {[%clk 0:15:20]} 29. h3 {[%clk 0:05:22]} g6 {[%clk 0:11:42]} 30. Kh2 {[%clk
0:04:12]} Rxd5 {[%clk 0:11:51]} 31. Rxd5 {[%clk 0:01:19]} Rxd5 {[%clk 0:12:19]}
32. Re1 {[%clk 0:01:19]} Rd2 {[%clk 0:11:04]} 33. Qf3 {[%clk 0:00:39]} Rf2 {[%clk
0:07:22]} 0-1

[Event "8th Vellmar Chess Days"]
[Site "chess24.com"]
[Date "2016.07.28"]
[Round "1"]
[White "Bub, Volker"]
[Black "Kanbach, Mike"]
[Result "1-0"]
[Board "23"]
[WhiteElo "2063"]
[WhiteCountry "GER"]
[WhiteFideId "4618963"]
[WhiteEloChange "5"]
[BlackElo "1867"]
[BlackCountry "GER"]
[BlackFideId "12974536"]
[BlackEloChange "-5"]

1. e4 {[%clk 1:30:30]} e6 {[%clk 1:30:06]} 2. d3 {[%clk 1:30:55]} d5 {[%clk
1:30:16]} 3. Nd2 {[%clk 1:31:17]} c5 {[%clk 1:30:11]} 4. Ngf3 {[%clk 1:31:32]}
Nc6 {[%clk 1:30:16]} 5. g3 {[%clk 1:31:52]} g6 {[%clk 1:30:25]} 6. Bg2 {[%clk
1:32:08]} Bg7 {[%clk 1:30:44]} 7. O-O {[%clk 1:32:17]} Nge7 {[%clk 1:30:56]} 8.
Re1 {[%clk 1:31:58]} O-O {[%clk 1:31:04]} 9. c3 {[%clk 1:29:53]} b6 {[%clk
1:29:49]} 10. e5 {[%clk 1:26:58]} a5 {[%clk 1:26:14]} 11. Nf1 {[%clk 1:23:15]}
Ra7 {[%clk 1:24:20]} 12. h4 {[%clk 1:23:14]} f6 {[%clk 1:14:38]} 13. exf6 {[%clk
1:23:17]} Bxf6 {[%clk 1:11:54]} 14. Bh6 {[%clk 1:23:19]} Re8 {[%clk 1:00:57]} 15.
Bg5 {[%clk 1:17:36]} Nf5 {[%clk 0:50:05]} 16. N1h2 {[%clk 1:10:01]} h5 {[%clk
0:40:04]} 17. Bxf6 {[%clk 1:06:17]} Qxf6 {[%clk 0:37:07]} 18. Ng5 {[%clk
1:06:31]} Ne5 {[%clk 0:28:05]} 19. Qe2 {[%clk 1:06:29]} Nf7 {[%clk 0:26:51]} 20.
Nxf7 {[%clk 1:03:24]} Rxf7 {[%clk 0:21:44]} 21. Bxd5 {[%clk 1:01:47]} Nd6 {[%clk
0:16:51]} 22. Bc6 {[%clk 0:53:50]} Ref8 {[%clk 0:15:46]} 23. f4 {[%clk 0:54:02]}
Nf5 {[%clk 0:13:52]} 24. Qg2 {[%clk 0:52:36]} Nxh4 {[%clk 0:07:25]} 25. gxh4
{[%clk 0:52:23]} Qxf4 {[%clk 0:07:46]} 26. Nf3 {[%clk 0:43:55]} Qd6 {[%clk
0:07:30]} 27. Ne5 {[%clk 0:42:15]} Rg7 {[%clk 0:07:04]} 28. Re3 {[%clk 0:32:26]}
Rf5 {[%clk 0:07:04]} 29. Nc4 {[%clk 0:30:23]} Qf4 {[%clk 0:06:48]} 30. Qg3 {[%clk
0:23:21]} g5 {[%clk 0:07:01]} 31. Kh1 {[%clk 0:22:23]} Ba6 {[%clk 0:03:02]} 32.
Nd6 {[%clk 0:16:17]} Rf8 {[%clk 0:02:26]} 33. Rg1 {[%clk 0:16:00]} Qf2 {[%clk
0:01:36]} 34. Qxf2 {[%clk 0:13:16]} Rxf2 {[%clk 0:01:59]} 35. Rxg5 {[%clk
0:13:13]} Rxb2 {[%clk 0:02:07]} 36. a4 {[%clk 0:10:25]} Rd2 {[%clk 0:02:09]} 37.
c4 {[%clk 0:10:15]} Rxg5 {[%clk 0:00:53]} 38. hxg5 {[%clk 0:10:39]} Kg7 {[%clk
0:01:11]} 39. Be4 {[%clk 0:10:30]} Ra2 {[%clk 0:01:36]} 40. Rf3 {[%clk 0:10:35]}
Rxa4 {[%clk 0:00:33]} 41. Rf7+ {[%clk 0:10:20]} 1-0

[Event "8th Vellmar Chess Days"]
[Site "chess24.com"]
[Date "2016.07.28"]
[Round "1"]
[White "Evering, Soeren"]
[Black "Wiege, Andre"]
[Result "0-1"]
[Board "24"]
[WhiteElo "1862"]
[WhiteCountry "GER"]
[WhiteFideId "12974650"]
[WhiteEloChange "-4"]
[BlackElo "2085"]
[BlackCountry "GER"]
[BlackFideId "4699416"]
[BlackEloChange "4"]

1. e4 {[%clk 1:30:56]} c5 {[%clk 1:30:44]} 2. Nf3 {[%clk 1:31:08]} Nc6 {[%clk
1:30:43]} 3. d4 {[%clk 1:31:10]} cxd4 {[%clk 1:30:59]} 4. Nxd4 {[%clk 1:31:34]}
g6 {[%clk 1:30:23]} 5. Nc3 {[%clk 1:31:34]} Bg7 {[%clk 1:30:12]} 6. Be3 {[%clk
1:31:17]} Nf6 {[%clk 1:29:53]} 7. Bc4 {[%clk 1:31:01]} O-O {[%clk 1:28:29]} 8.
Bb3 {[%clk 1:30:20]} d6 {[%clk 1:26:22]} 9. f3 {[%clk 1:28:33]} Bd7 {[%clk
1:24:45]} 10. Qd2 {[%clk 1:27:57]} Rc8 {[%clk 1:22:53]} 11. O-O-O {[%clk
1:27:34]} Na5 {[%clk 1:18:29]} 12. Kb1 {[%clk 1:26:06]} Nxb3 {[%clk 1:15:33]} 13.
Nxb3 {[%clk 1:25:49]} a5 {[%clk 1:04:48]} 14. a3 {[%clk 1:20:15]} b5 {[%clk
0:57:37]} 15. Na2 {[%clk 1:13:11]} Be6 {[%clk 0:45:58]} 16. Nbc1 {[%clk 1:10:06]}
Qc7 {[%clk 0:45:21]} 17. g4 {[%clk 1:09:25]} Nd7 {[%clk 0:44:29]} 18. h4 {[%clk
1:06:53]} Ne5 {[%clk 0:39:26]} 19. c3 {[%clk 1:00:57]} Nxf3 {[%clk 0:37:23]} 20.
Qe2 {[%clk 1:00:34]} Ne5 {[%clk 0:36:36]} 21. Qxb5 {[%clk 0:57:23]} Rb8 {[%clk
0:35:28]} 22. Qf1 {[%clk 0:53:11]} Nc4 {[%clk 0:34:34]} 23. Bd4 {[%clk 0:50:20]}
Rxb2+ {[%clk 0:33:08]} 24. Ka1 {[%clk 0:50:43]} Rfb8 {[%clk 0:32:50]} 25. Qd3
{[%clk 0:49:53]} Bxd4 {[%clk 0:28:54]} 26. cxd4 {[%clk 0:50:08]} Nxa3 {[%clk
0:29:05]} 0-1

[Event "8th Vellmar Chess Days"]
[Site "chess24.com"]
[Date "2016.07.28"]
[Round "1"]
[White "Barath M"]
[Black "Fischer, Andreas"]
[Result "1-0"]
[Board "25"]
[WhiteElo "2082"]
[WhiteCountry "IND"]
[WhiteFideId "25033450"]
[WhiteEloChange "4"]
[BlackElo "1859"]
[BlackCountry "GER"]
[BlackFideId "1270053"]
[BlackEloChange "-4"]

1. d4 {[%clk 1:30:58]} d5 {[%clk 1:30:27]} 2. c4 {[%clk 1:31:21]} e6 {[%clk
1:30:27]} 3. Nc3 {[%clk 1:31:42]} c5 {[%clk 1:29:48]} 4. cxd5 {[%clk 1:31:42]}
exd5 {[%clk 1:29:54]} 5. Nf3 {[%clk 1:32:05]} Nc6 {[%clk 1:30:05]} 6. g3 {[%clk
1:31:57]} Nf6 {[%clk 1:28:16]} 7. Bg2 {[%clk 1:32:20]} Be6 {[%clk 1:17:55]} 8.
O-O {[%clk 1:31:26]} Rc8 {[%clk 1:17:27]} 9. Bg5 {[%clk 1:30:12]} Be7 {[%clk
1:14:34]} 10. dxc5 {[%clk 1:20:32]} d4 {[%clk 1:11:47]} 11. Bxf6 {[%clk 1:08:18]}
gxf6 {[%clk 1:04:58]} 12. Ne4 {[%clk 1:05:24]} f5 {[%clk 0:59:19]} 13. Nd6+
{[%clk 1:05:47]} Bxd6 {[%clk 0:59:39]} 14. cxd6 {[%clk 1:06:11]} Qxd6 {[%clk
1:00:01]} 15. Qd2 {[%clk 1:01:10]} h5 {[%clk 0:51:02]} 16. Rfd1 {[%clk 1:00:13]}
Rd8 {[%clk 0:50:16]} 17. e3 {[%clk 0:51:01]} d3 {[%clk 0:47:49]} 18. Qc3 {[%clk
0:49:09]} Ke7 {[%clk 0:46:22]} 19. Rd2 {[%clk 0:38:04]} h4 {[%clk 0:35:31]} 20.
Rad1 {[%clk 0:35:28]} hxg3 {[%clk 0:31:41]} 21. hxg3 {[%clk 0:35:47]} Rdg8 {[%clk
0:22:26]} 22. Rxd3 {[%clk 0:36:03]} Qb8 {[%clk 0:22:35]} 23. Qc5+ {[%clk
0:34:28]} Kf6 {[%clk 0:21:41]} 24. Rd6 {[%clk 0:28:06]} Rh5 {[%clk 0:17:14]} 25.
Nd4 {[%clk 0:26:42]} Ne5 {[%clk 0:14:29]} 26. Nxe6 {[%clk 0:24:28]} fxe6 {[%clk
0:14:39]} 27. Qd4 {[%clk 0:21:26]} Rg4 {[%clk 0:07:09]} 28. f4 {[%clk 0:21:45]}
1-0

[Event "8th Vellmar Chess Days"]
[Site "chess24.com"]
[Date "2016.07.28"]
[Round "1"]
[White "Lesny, Florian"]
[Black "Ziegenfuss, Holger"]
[Result "1/2-1/2"]
[Board "26"]
[WhiteElo "1853"]
[WhiteCountry "GER"]
[WhiteFideId "12973874"]
[WhiteEloChange "6"]
[BlackElo "2075"]
[BlackCountry "GER"]
[BlackFideId "12926140"]
[BlackEloChange "-6"]

1. e4 {[%clk 1:30:55]} e5 {[%clk 1:30:42]} 2. Nf3 {[%clk 1:31:17]} Nc6 {[%clk
1:30:18]} 3. Bc4 {[%clk 1:31:00]} Nf6 {[%clk 1:30:20]} 4. d3 {[%clk 1:31:09]} Be7
{[%clk 1:30:12]} 5. O-O {[%clk 1:30:36]} d6 {[%clk 1:29:58]} 6. c3 {[%clk
1:29:01]} O-O {[%clk 1:28:18]} 7. Bb3 {[%clk 1:28:26]} Bg4 {[%clk 1:26:22]} 8.
Nbd2 {[%clk 1:25:22]} Na5 {[%clk 1:24:18]} 9. Bc2 {[%clk 1:24:03]} c5 {[%clk
1:24:26]} 10. Re1 {[%clk 1:21:12]} b5 {[%clk 1:19:39]} 11. Nf1 {[%clk 1:16:32]}
Bh5 {[%clk 1:07:28]} 12. Ng3 {[%clk 1:13:51]} Bg6 {[%clk 1:07:10]} 13. Bg5 {[%clk
1:10:18]} Nd7 {[%clk 0:50:39]} 14. Bxe7 {[%clk 1:08:07]} Qxe7 {[%clk 0:51:02]}
15. Qd2 {[%clk 1:03:06]} Rfd8 {[%clk 0:45:11]} 16. Rad1 {[%clk 0:54:21]} Nf8
{[%clk 0:41:48]} 17. Qg5 {[%clk 0:48:06]} Qxg5 {[%clk 0:34:28]} 18. Nxg5 {[%clk
0:48:20]} h6 {[%clk 0:33:44]} 19. Nf3 {[%clk 0:47:18]} Ne6 {[%clk 0:33:41]} 20.
Nh4 {[%clk 0:44:25]} Bh7 {[%clk 0:27:13]} 21. Nhf5 {[%clk 0:42:43]} Kf8 {[%clk
0:26:13]} 22. Ne3 {[%clk 0:40:02]} Rac8 {[%clk 0:24:44]} 23. Nd5 {[%clk 0:35:57]}
Nc7 {[%clk 0:23:01]} 24. Ne3 {[%clk 0:35:32]} g6 {[%clk 0:21:20]} 25. h4 {[%clk
0:30:38]} h5 {[%clk 0:18:02]} 26. Kf1 {[%clk 0:25:34]} Bg8 {[%clk 0:18:12]} 27.
Ne2 {[%clk 0:24:55]} f6 {[%clk 0:15:02]} 28. f4 {[%clk 0:23:03]} Kg7 {[%clk
0:13:19]} 29. f5 {[%clk 0:21:31]} g5 {[%clk 0:13:25]} 30. hxg5 {[%clk 0:19:53]}
fxg5 {[%clk 0:13:44]} 31. Kf2 {[%clk 0:18:09]} Ne8 {[%clk 0:10:06]} 32. Rh1
{[%clk 0:14:34]} Nf6 {[%clk 0:10:18]} 33. Ng1 {[%clk 0:11:45]} Bf7 {[%clk
0:08:10]} 34. Nf3 {[%clk 0:10:50]} Kh6 {[%clk 0:08:07]} 35. Rdg1 {[%clk 0:07:06]}
Nc6 {[%clk 0:07:00]} 36. Bb1 {[%clk 0:05:41]} a5 {[%clk 0:06:23]} 37. g4 {[%clk
0:04:44]} Rg8 {[%clk 0:03:42]} 38. gxh5 {[%clk 0:03:24]} c4 {[%clk 0:02:07]} 39.
Ng4+ {[%clk 0:01:53]} Nxg4+ {[%clk 0:01:54]} 40. Rxg4 {[%clk 0:02:06]} cxd3
{[%clk 0:00:59]} 41. Bxd3 {[%clk 0:01:24]} b4 {[%clk 0:00:39]} 42. c4 {[%clk
0:30:17]} Nb8 {[%clk 0:26:12]} 43. b3 {[%clk 0:28:27]} Bxh5 {[%clk 0:21:37]} 44.
Rg2 {[%clk 0:25:01]} Nd7 {[%clk 0:21:52]} 45. Be2 {[%clk 0:15:37]} Nf6 {[%clk
0:20:38]} 46. Nxe5 {[%clk 0:13:00]} dxe5 {[%clk 0:13:10]} 47. Bxh5 {[%clk
0:13:05]} Nxh5 {[%clk 0:10:53]} 48. Rgh2 {[%clk 0:13:28]} Kg7 {[%clk 0:08:52]}
49. Rxh5 {[%clk 0:13:49]} Kf7 {[%clk 0:08:11]} 50. Rg1 {[%clk 0:13:03]} Rcd8
{[%clk 0:08:10]} 51. Ke3 {[%clk 0:13:04]} g4 {[%clk 0:08:11]} 52. Rh7+ {[%clk
0:10:28]} Kf6 {[%clk 0:07:48]} 53. Ra7 {[%clk 0:09:24]} Kg5 {[%clk 0:06:13]} 54.
Rxa5 {[%clk 0:08:46]} Rh8 {[%clk 0:06:30]} 55. Rd5 {[%clk 0:07:10]} Rh3+ {[%clk
0:06:17]} 56. Kf2 {[%clk 0:04:47]} Rf3+ {[%clk 0:04:31]} 57. Ke2 {[%clk 0:03:25]}
Rh8 {[%clk 0:04:28]} 58. Rg2 {[%clk 0:02:56]} Kf4 {[%clk 0:04:16]} 59. f6 {[%clk
0:01:55]} Re3+ {[%clk 0:04:06]} 60. Kd2 {[%clk 0:01:47]} Kf3 {[%clk 0:03:27]} 61.
f7 {[%clk 0:01:24]} Rxe4 {[%clk 0:02:51]} 62. Kd3 {[%clk 0:00:58]} Re1 {[%clk
0:01:28]} 63. Rd2 {[%clk 0:00:59]} g3 {[%clk 0:01:22]} 64. Kc2 {[%clk 0:00:51]}
Rf8 {[%clk 0:01:00]} 65. R5d3+ {[%clk 0:00:50]} Kf4 {[%clk 0:01:16]} 66. Rg2
{[%clk 0:00:45]} Rxf7 {[%clk 0:00:53]} 67. Rdxg3 {[%clk 0:00:39]} e4 {[%clk
0:00:45]} 68. Rh3 {[%clk 0:00:34]} Ke5 {[%clk 0:00:54]} 69. Rh5+ {[%clk 0:00:47]}
Kd4 {[%clk 0:01:09]} 70. Rd2+ {[%clk 0:01:00]} Ke3 {[%clk 0:01:29]} 71. Rh3+
{[%clk 0:01:16]} Rf3 {[%clk 0:01:48]} 72. Rhh2 {[%clk 0:01:09]} Rff1 {[%clk
0:02:01]} 73. Rh3+ {[%clk 0:00:57]} Kf4 {[%clk 0:02:24]} 74. Rdh2 {[%clk
0:00:52]} Ke5 {[%clk 0:01:58]} 75. Rh5+ {[%clk 0:00:57]} Kd4 {[%clk 0:01:49]} 76.
Rd2+ {[%clk 0:00:51]} Ke3 {[%clk 0:01:46]} 77. Rh3+ {[%clk 0:01:04]} Rf3 {[%clk
0:01:47]} 78. Rhh2 {[%clk 0:01:03]} Rg3 {[%clk 0:01:53]} 79. Rh8 {[%clk 0:00:42]}
Rgg1 {[%clk 0:01:31]} 80. Rh3+ {[%clk 0:00:57]} Kf4 {[%clk 0:01:59]} 81. Rh4+
{[%clk 0:00:49]} Kg3 {[%clk 0:02:08]} 82. Rdh2 {[%clk 0:01:11]} Ra1 {[%clk
0:00:51]} 83. R2h3+ {[%clk 0:00:58]} Kg2 {[%clk 0:01:13]} 84. Rh2+ {[%clk
0:01:16]} Kf3 {[%clk 0:01:37]} 85. R2h3+ {[%clk 0:00:56]} Kf2 {[%clk 0:01:13]}
1/2-1/2

[Event "8th Vellmar Chess Days"]
[Site "chess24.com"]
[Date "2016.07.28"]
[Round "1"]
[White "Kiesel, Harald"]
[Black "Rafiee, Kayvan"]
[Result "1-0"]
[Board "27"]
[WhiteElo "2074"]
[WhiteCountry "GER"]
[WhiteFideId "4616014"]
[WhiteEloChange "4"]
[BlackElo "1843"]
[BlackCountry "GER"]
[BlackFideId "4672879"]
[BlackEloChange "-4"]

1. e4 {[%clk 1:30:59]} e5 {[%clk 1:30:54]} 2. Nf3 {[%clk 1:31:20]} Nf6 {[%clk
1:31:19]} 3. Nxe5 {[%clk 1:31:40]} d6 {[%clk 1:31:42]} 4. Nf3 {[%clk 1:32:04]}
Nxe4 {[%clk 1:32:05]} 5. d4 {[%clk 1:32:22]} d5 {[%clk 1:32:28]} 6. Bd3 {[%clk
1:32:37]} Be7 {[%clk 1:32:50]} 7. O-O {[%clk 1:32:50]} Nc6 {[%clk 1:33:12]} 8. c4
{[%clk 1:31:15]} Nf6 {[%clk 1:32:54]} 9. Nc3 {[%clk 1:26:25]} O-O {[%clk
1:31:12]} 10. h3 {[%clk 1:21:58]} h6 {[%clk 1:27:40]} 11. a3 {[%clk 1:17:09]} Be6
{[%clk 1:21:37]} 12. b3 {[%clk 1:11:12]} Re8 {[%clk 1:15:23]} 13. Re1 {[%clk
1:10:20]} Bf8 {[%clk 1:14:56]} 14. c5 {[%clk 0:54:11]} g6 {[%clk 1:10:23]} 15.
Bf4 {[%clk 0:52:48]} Bg7 {[%clk 1:02:14]} 16. b4 {[%clk 0:48:43]} Nh5 {[%clk
0:57:48]} 17. Be3 {[%clk 0:47:56]} a6 {[%clk 0:52:46]} 18. Qd2 {[%clk 0:45:35]}
Kh7 {[%clk 0:51:58]} 19. Rab1 {[%clk 0:44:20]} Qc8 {[%clk 0:48:33]} 20. Kh2
{[%clk 0:43:03]} f5 {[%clk 0:48:45]} 21. Ne2 {[%clk 0:35:43]} Nf6 {[%clk
0:45:30]} 22. a4 {[%clk 0:34:02]} Ne4 {[%clk 0:45:20]} 23. Qc1 {[%clk 0:32:11]}
Bg8 {[%clk 0:40:12]} 24. b5 {[%clk 0:32:13]} Nd8 {[%clk 0:39:57]} 25. Ne5 {[%clk
0:25:53]} Nf7 {[%clk 0:39:40]} 26. f4 {[%clk 0:19:00]} Nxe5 {[%clk 0:35:57]} 27.
fxe5 {[%clk 0:18:52]} Be6 {[%clk 0:36:20]} 28. Nf4 {[%clk 0:16:49]} Bg8 {[%clk
0:34:50]} 29. c6 {[%clk 0:15:33]} b6 {[%clk 0:33:05]} 30. bxa6 {[%clk 0:15:42]}
Qd8 {[%clk 0:33:26]} 31. g3 {[%clk 0:13:42]} Ng5 {[%clk 0:32:51]} 32. Rf1 {[%clk
0:12:58]} Ne6 {[%clk 0:32:38]} 33. Nxg6 {[%clk 0:11:55]} Bf7 {[%clk 0:29:23]} 34.
Bxf5 {[%clk 0:10:22]} Kg8 {[%clk 0:29:20]} 35. Bxh6 {[%clk 0:05:21]} Nxd4 {[%clk
0:29:21]} 36. Bxg7 {[%clk 0:05:26]} Kxg7 {[%clk 0:29:02]} 37. Nh4 {[%clk
0:02:24]} Ne6 {[%clk 0:25:37]} 38. Rb4 {[%clk 0:02:10]} d4 {[%clk 0:25:32]} 39.
Bxe6 {[%clk 0:01:50]} Bxe6 {[%clk 0:25:01]} 40. Nf5+ {[%clk 0:01:24]} Bxf5 {[%clk
0:24:57]} 41. Rxf5 {[%clk 0:01:50]} Re6 {[%clk 0:25:14]} 42. Qd1 {[%clk 0:23:45]}
Rxc6 {[%clk 0:54:51]} 43. Rxd4 {[%clk 0:23:41]} Qe8 {[%clk 0:48:54]} 44. Rd7+
{[%clk 0:21:55]} Kg8 {[%clk 0:49:17]} 45. Qd5+ {[%clk 0:15:02]} Qe6 {[%clk
0:49:15]} 46. Rd8+ {[%clk 0:13:31]} Rxd8 {[%clk 0:49:32]} 47. Qxd8+ {[%clk
0:14:00]} Kh7 {[%clk 0:49:21]} 48. Qh4+ {[%clk 0:14:10]} 1-0

[Event "8th Vellmar Chess Days"]
[Site "chess24.com"]
[Date "2016.07.28"]
[Round "1"]
[White "Baumann, Marcel"]
[Black "Dannhaeuser, Kevin"]
[Result "0-1"]
[Board "28"]
[WhiteElo "1831"]
[WhiteCountry "GER"]
[WhiteFideId "12974668"]
[WhiteEloChange "-4"]
[BlackElo "2056"]
[BlackCountry "GER"]
[BlackFideId "12912760"]
[BlackEloChange "4"]

1. d4 {[%clk 1:30:57]} e6 {[%clk 1:30:48]} 2. Nf3 {[%clk 1:31:14]} Nf6 {[%clk
1:30:57]} 3. c4 {[%clk 1:31:32]} c5 {[%clk 1:31:11]} 4. d5 {[%clk 1:30:27]} b5
{[%clk 1:31:32]} 5. b3 {[%clk 1:23:49]} bxc4 {[%clk 1:28:52]} 6. dxe6 {[%clk
1:19:50]} fxe6 {[%clk 1:28:42]} 7. bxc4 {[%clk 1:20:07]} Nc6 {[%clk 1:27:29]} 8.
e3 {[%clk 1:16:41]} Be7 {[%clk 1:26:18]} 9. Be2 {[%clk 1:13:40]} Ne4 {[%clk
1:24:50]} 10. Bb2 {[%clk 1:06:27]} Bf6 {[%clk 1:24:36]} 11. Qc2 {[%clk 1:03:49]}
Rb8 {[%clk 1:24:08]} 12. Bc3 {[%clk 1:01:45]} Rxb1+ {[%clk 1:20:06]} 13. Rxb1
{[%clk 1:02:08]} Nxc3 {[%clk 1:20:30]} 14. Rb3 {[%clk 1:01:40]} Nb4 {[%clk
1:19:43]} 15. Qc1 {[%clk 0:56:19]} Ncxa2 {[%clk 1:16:25]} 16. Qd2 {[%clk
0:54:31]} Qa5 {[%clk 1:01:59]} 17. O-O {[%clk 0:51:07]} Qa4 {[%clk 0:54:28]} 18.
Bd1 {[%clk 0:45:44]} Qa6 {[%clk 0:54:51]} 19. Be2 {[%clk 0:43:57]} Nc6 {[%clk
0:51:55]} 20. Rb5 {[%clk 0:43:02]} Nc3 {[%clk 0:49:35]} 21. Bd3 {[%clk 0:39:32]}
Nb4 {[%clk 0:42:34]} 22. Rxc5 {[%clk 0:37:06]} Nxd3 {[%clk 0:30:45]} 23. Qxd3
{[%clk 0:37:17]} Na4 {[%clk 0:30:19]} 24. Rh5 {[%clk 0:33:17]} g6 {[%clk
0:29:36]} 25. Rb5 {[%clk 0:33:29]} Ke7 {[%clk 0:26:38]} 26. Ne5 {[%clk 0:29:25]}
Bxe5 {[%clk 0:24:28]} 27. Rxe5 {[%clk 0:28:54]} Qd6 {[%clk 0:21:28]} 28. Qxd6+
{[%clk 0:28:27]} Kxd6 {[%clk 0:21:51]} 29. Ra5 {[%clk 0:28:48]} Nc5 {[%clk
0:19:28]} 30. Rxa7 {[%clk 0:27:50]} Ba6 {[%clk 0:19:49]} 31. Rb1 {[%clk 0:27:36]}
Bxc4 {[%clk 0:18:33]} 0-1

[Event "8th Vellmar Chess Days"]
[Site "chess24.com"]
[Date "2016.07.28"]
[Round "1"]
[White "Guelsen, Taylan"]
[Black "Langjahr, Marius"]
[Result "1-0"]
[Board "29"]
[WhiteElo "2063"]
[WhiteCountry "GER"]
[WhiteFideId "24603635"]
[WhiteEloChange "4"]
[BlackElo "1812"]
[BlackCountry "GER"]
[BlackFideId "12974625"]
[BlackEloChange "-4"]

1. Nf3 {[%clk 1:30:46]} d5 {[%clk 1:30:52]} 2. c4 {[%clk 1:31:06]} Nf6 {[%clk
1:30:48]} 3. g3 {[%clk 1:31:16]} e6 {[%clk 1:29:58]} 4. b3 {[%clk 1:31:30]} g6
{[%clk 1:26:21]} 5. Bb2 {[%clk 1:31:20]} Bg7 {[%clk 1:26:45]} 6. Bg2 {[%clk
1:31:35]} O-O {[%clk 1:27:07]} 7. O-O {[%clk 1:31:59]} c6 {[%clk 1:16:24]} 8. d4
{[%clk 1:30:58]} Re8 {[%clk 1:12:35]} 9. Nbd2 {[%clk 1:28:54]} Qb6 {[%clk
1:09:04]} 10. Qc2 {[%clk 1:28:57]} Na6 {[%clk 1:08:01]} 11. a3 {[%clk 1:28:42]}
Bd7 {[%clk 0:49:55]} 12. Rfe1 {[%clk 1:28:30]} c5 {[%clk 0:48:30]} 13. e4 {[%clk
1:25:46]} dxe4 {[%clk 0:48:25]} 14. Nxe4 {[%clk 1:23:29]} Nxe4 {[%clk 0:48:18]}
15. Rxe4 {[%clk 1:23:34]} Bc6 {[%clk 0:45:42]} 16. Rh4 {[%clk 1:18:15]} Bxf3
{[%clk 0:44:25]} 17. Bxf3 {[%clk 1:18:36]} cxd4 {[%clk 0:42:34]} 18. b4 {[%clk
1:17:24]} e5 {[%clk 0:40:24]} 19. c5 {[%clk 1:14:34]} Qc7 {[%clk 0:33:57]} 20.
Qe4 {[%clk 1:11:35]} Re7 {[%clk 0:32:20]} 21. g4 {[%clk 1:05:03]} Rd8 {[%clk
0:30:26]} 22. Rd1 {[%clk 1:05:03]} Bf6 {[%clk 0:26:01]} 23. Rh3 {[%clk 1:03:58]}
Nb8 {[%clk 0:22:24]} 24. Qd3 {[%clk 0:47:23]} Bg5 {[%clk 0:19:32]} 25. Be4 {[%clk
0:45:51]} Nd7 {[%clk 0:19:19]} 26. Rf3 {[%clk 0:41:46]} Nf6 {[%clk 0:19:32]} 27.
Rxf6 {[%clk 0:42:06]} Bxf6 {[%clk 0:20:01]} 28. Bc1 {[%clk 0:42:24]} a5 {[%clk
0:17:45]} 29. Qf3 {[%clk 0:40:12]} Bg7 {[%clk 0:16:10]} 30. Bg5 {[%clk 0:40:37]}
f6 {[%clk 0:15:49]} 31. Bd5+ {[%clk 0:38:15]} Rxd5 {[%clk 0:14:37]} 32. Qxd5+
{[%clk 0:38:36]} Kh8 {[%clk 0:15:03]} 33. Bd2 {[%clk 0:31:01]} axb4 {[%clk
0:14:25]} 34. axb4 {[%clk 0:30:27]} Qc6 {[%clk 0:11:54]} 35. Qxc6 {[%clk
0:24:50]} bxc6 {[%clk 0:12:20]} 36. Ra1 {[%clk 0:23:25]} Re8 {[%clk 0:10:21]} 37.
Ra7 {[%clk 0:23:07]} Rc8 {[%clk 0:10:31]} 38. f3 {[%clk 0:23:04]} h5 {[%clk
0:08:48]} 39. gxh5 {[%clk 0:22:13]} gxh5 {[%clk 0:09:16]} 40. Kf2 {[%clk
0:22:24]} Kh7 {[%clk 0:08:20]} 41. Ke2 {[%clk 0:22:23]} Kg6 {[%clk 0:08:21]} 42.
Kd3 {[%clk 0:22:43]} f5 {[%clk 0:07:20]} 43. Rd7 {[%clk 0:19:28]} Bf6 {[%clk
0:03:13]} 44. Rd6 {[%clk 0:16:21]} Kf7 {[%clk 0:00:40]} 45. Bc1 {[%clk 0:08:21]}
Rc7 {[%clk 0:25:52]} 46. Bb2 {[%clk 0:37:12]} Bg5 {[%clk 0:24:33]} 47. Kc4 {[%clk
0:36:53]} h4 {[%clk 0:20:21]} 48. h3 {[%clk 0:36:41]} Bf6 {[%clk 0:20:38]} 49. f4
{[%clk 0:36:19]} e4 {[%clk 0:19:11]} 50. Bxd4 {[%clk 0:36:17]} Bxd4 {[%clk
0:19:40]} 51. Kxd4 {[%clk 0:36:39]} Re7 {[%clk 0:17:18]} 52. Rh6 {[%clk 0:19:27]}
Kg7 {[%clk 0:17:33]} 53. Rxc6 {[%clk 0:19:46]} e3 {[%clk 0:17:58]} 54. Ra6 {[%clk
0:20:07]} e2 {[%clk 0:17:09]} 55. Ra1 {[%clk 0:20:24]} e1Q {[%clk 0:17:38]} 56.
Rxe1 {[%clk 0:20:39]} Rxe1 {[%clk 0:17:38]} 57. b5 {[%clk 0:21:03]} Rb1 {[%clk
0:17:55]} 58. c6 {[%clk 0:21:03]} Rxb5 {[%clk 0:17:41]} 59. c7 {[%clk 0:21:29]}
Rb4+ {[%clk 0:17:11]} 60. Kd3 {[%clk 0:18:17]} Rxf4 {[%clk 0:16:29]} 61. c8Q
{[%clk 0:18:40]} Rf3+ {[%clk 0:17:01]} 62. Ke2 {[%clk 0:18:24]} Rxh3 {[%clk
0:17:28]} 63. Qxf5 {[%clk 0:18:54]} Rg3 {[%clk 0:17:38]} 64. Qh5 {[%clk 0:18:09]}
Rg6 {[%clk 0:17:32]} 65. Qxh4 {[%clk 0:18:26]} Kf7 {[%clk 0:18:04]} 66. Ke3
{[%clk 0:18:40]} Rd6 {[%clk 0:17:39]} 67. Ke4 {[%clk 0:18:35]} Ke6 {[%clk
0:18:06]} 68. Qg4+ {[%clk 0:17:56]} Kf6 {[%clk 0:14:29]} 69. Qf5+ {[%clk
0:16:56]} Ke7 {[%clk 0:14:58]} 70. Ke5 {[%clk 0:16:51]} Rc6 {[%clk 0:14:38]} 71.
Qh7+ {[%clk 0:17:10]} Ke8 {[%clk 0:14:02]} 72. Qb7 {[%clk 0:14:24]} Rg6 {[%clk
0:13:58]} 73. Qc7 {[%clk 0:13:34]} Rh6 {[%clk 0:13:25]} 74. Kf5 {[%clk 0:13:32]}
Rh3 {[%clk 0:12:07]} 75. Kg6 {[%clk 0:11:39]} Rd3 {[%clk 0:11:43]} 76. Qe5+
{[%clk 0:07:52]} Kd8 {[%clk 0:11:40]} 77. Qa5+ {[%clk 0:07:53]} Ke7 {[%clk
0:11:18]} 78. Qc5+ {[%clk 0:08:05]} Kd8 {[%clk 0:11:41]} 79. Kf6 {[%clk 0:08:17]}
Rd7 {[%clk 0:10:29]} 80. Ke6 {[%clk 0:08:34]} Rc7 {[%clk 0:10:58]} 81. Qf8#
{[%clk 0:08:54]} 1-0